Sports Quiz

Random Sports or Clickable Quiz

Not On Their Logo: Golden State Warriors Quiz Stats

 Plays Quiz Updated Jun 19, 2017

Support Sporcle.
Go Orange.
Score 0/14 Timer 03:00
5 Plays Today
% Correct
A baseball
94.5%
A puck
93.4%
A football
93.4%
A raider
92.8%
A ring of fire
91.5%
A pot of gold
90.8%
The color purple
90.5%
% Correct
The color red
88.8%
The color orange
88.6%
A still from The OC
87.8%
Alcatraz
87.2%
The state of Decay
84.2%
A cable car
79.1%
The state of the Union
79%

You're not logged in!

Compare scores with friends on all Sporcle quizzes.
OR
Log In
Forgot?

From the Vault

Famous 'St' People

by SporcleEXP

These 20 celebrities are all stars in our book.
Remove Ads.
Support Sporcle.
Get the best of Sporcle when you Go Orange. This ad-free experience offers more features, more stats, and more fun while also helping to support Sporcle. Thank you for becoming a member.

Show Comments

Extras

Top Quizzes Today


Score Distribution

Your Account Isn't Verified!

In order to create a playlist on Sporcle, you need to verify the email address you used during registration. Go to your Sporcle Settings to finish the process.

Report this User

Report this user for behavior that violates our Community Guidelines.

Details: